| 000 | 01373nam a22003497a 4500 | ||
|---|---|---|---|
| 003 | OSt | ||
| 005 | 20230315164559.0 | ||
| 008 | 221006b |||||||| |||| 00| 0 eng d | ||
| 040 | _cBiblioteca Lado V | ||
| 082 |
_a700 _bC413a |
||
| 100 |
_9794 _aCerdas Diaz, Sayira _eDirectora Ejecutiva |
||
| 245 |
_aArtmedia/ _bArte en Mesoamerica/ |
||
| 260 |
_bLa Exposicion Internacional de Arte Art Basel US _c2003 _aU.S.A. _aCosta Rica _aMexico _aBelice _aGuatemala _aHonduras _aEl Salvador _aNicaragua _aPanama _aColombia |
||
| 300 |
_c21x30cm _a62p. |
||
| 366 | _eeng | ||
| 490 |
_a003 _v01 _x1659 1348 |
||
| 505 |
_tEn Bastidor | The Canvas _a- Estimados Lectores - Noticias del mundo plástico - Agenda - Directorio |
||
| 505 | _tEl artista y su estudio | ||
| 505 | _tEn Portada | ||
| 505 | _tEn Boceto | ||
| 505 | _tMuseos y Exposiciones | ||
| 505 | _tVentana al mundo | ||
| 505 | _tNuevas Tendencias | ||
| 650 |
_2Tesauro de Arte & Arquitectura _aARTE _9703 |
||
| 650 |
_2Tesauro de Arte & Arquitectura _aARTE EN MESOAMERICA |
||
| 650 |
_2Tesauro de Arte & Arquitectura _aRONALD MORAN |
||
| 650 |
_2Tesauro de Arte & Arquitectura _aBIENAL |
||
| 650 |
_2Tesauro de Arte & Arquitectura _aAPRECIACION |
||
| 650 |
_2Tesauro de Arte & Arquitectura _aTEORIA |
||
| 650 |
_2Tesauro de Arte & Arquitectura _aCRITICA |
||
| 942 |
_2ddc _c1 _h700 _iC413a _n0 |
||
| 999 |
_c3242 _d3242 |
||